Digital signal processing (Record no. 182559)
[ view plain ]
| 000 -LEADER | |
|---|---|
| fixed length control field | 01110 a2200205 4500 |
| 003 - CONTROL NUMBER IDENTIFIER | |
| control field | Nust |
| 005 - DATE AND TIME OF LATEST TRANSACTION | |
| control field | 20170207153245.0 |
| 010 ## - LIBRARY OF CONGRESS CONTROL NUMBER | |
| LC control number | 74017280 |
| 020 ## - INTERNATIONAL STANDARD BOOK NUMBER | |
| International Standard Book Number | 0132146355 |
| 040 ## - CATALOGING SOURCE | |
| Transcribing agency | Nust |
| 082 00 - DEWEY DECIMAL CLASSIFICATION NUMBER | |
| Classification number | 621.3822 |
| 100 1# - MAIN ENTRY--PERSONAL NAME | |
| Personal name | Oppenheim, Alan V., |
| 245 10 - TITLE STATEMENT | |
| Title | Digital signal processing |
| Statement of responsibility, etc. | [by] Alan V. Oppenheim [and] Ronald W. Schafer. |
| 260 ## - PUBLICATION, DISTRIBUTION, ETC. | |
| Place of publication, distribution, etc. | Englewood Cliffs, N.J., |
| Name of publisher, distributor, etc. | Prentice-Hall |
| Date of publication, distribution, etc. | [1975] |
| 300 ## - PHYSICAL DESCRIPTION | |
| Extent | xiv, 585 p. |
| Other physical details | illus. |
| Dimensions | 24 cm. |
| 505 ## - FORMATTED CONTENTS NOTE | |
| Formatted contents note | Introduction (Page-1),Discrete-Time Signals and Systems (Page-6),The Z-Transform (Page-45),The Discrete Fourier Transform (Page-87),Flow Graph and Matrix Representation of Digital Filters (Page-136),Digital Filter Design Techniques (Page-195),Computation of the Discrete Fourier Transform (Page-284),Discrete Hilbert Transforms (Page-337),Discrete Random Signals (Page-376),Effects of Finite Register Length in Digital Signal Processing (Page-404),Homomorphism Signal Processing (Page-480),Power Spectrum Estimation (Page-532). |
| 538 ## - SYSTEM DETAILS NOTE | |
| System details note | Almirah No.37, Shelf No.6 |
| 650 #0 - SUBJECT ADDED ENTRY--TOPICAL TERM | |
| Topical term or geographic name entry element | Telecommunication Engineering. |
| 700 1# - ADDED ENTRY--PERSONAL NAME | |
| Personal name | Schafer, Ronald W., |
| Dates associated with a name | 1938- |
| 942 ## - ADDED ENTRY ELEMENTS (KOHA) | |
| Source of classification or shelving scheme | |
| Koha item type | Book |
| Withdrawn status | Lost status | Source of classification or shelving scheme | Damaged status | Not for loan | Collection code | Permanent Location | Current Location | Date acquired | Total Checkouts | Full call number | Barcode | Date last seen | Price effective from | Koha item type |
|---|---|---|---|---|---|---|---|---|---|---|---|---|---|---|
| Military College of Signals (MCS) | Military College of Signals (MCS) | 12/12/2016 | 621.3822 OPP | MCS28402 | 12/08/2016 | 12/12/2016 | Book |
